| 000 | 00944nam0a22002651 4500 | ||
|---|---|---|---|
| 001 | rc\2770549 | ||
| 005 | 20250805160813.4 | ||
| 035 | _a(NLR Aleph) 006896933 | ||
| 090 |
_a7206694 _c7206694 |
||
| 100 | _a20110915d1941 |||y0rusy50 ca | ||
| 101 | 0 | _arus | |
| 102 | _aRU | ||
| 105 | _aa z ||||| | ||
| 200 | 1 |
_aЭндокринное и церебральное истощение _fI моск. ордена Ленина мед. ин-т |
|
| 210 |
_aМосква _aЛенинград _cМедгиз _d1941 _eДнепропетровск |
||
| 215 |
_a336 с., 8 вкл. л. ил. _cграф. _d23 см. |
||
| 320 | _aБиблиогр.: с. 315-35 | ||
| 700 | 1 |
_aШапиро _bЯ. Е. _f1897-1971 _gЯков Ефимович |
|
| 801 | 0 |
_aRU _bNLR _gpsbo |
|
| 801 | 1 |
_aRU _bELAR _2rusmarc |
|
| 852 |
_aNLR _jМд30 Г-5/19 |
||
| 942 | _cBOOK | ||
| 945 | _aРоссийская национальная библиотека | ||
| 980 | _aNB | ||
| 980 | _aBV | ||